000 00553nam a2200217Ia 4500
003 OSt
005 20221007074128.0
006 a|||||r|||| 00| 0
007 ta
008 221006b |||||||| |||| 00| 0 eng d
024 _a15,913
037 _cTextual
040 _aFLL
_cFLL
_beng
041 _2eng
_aeng
082 _aX72:Z2qN67, K7
245 0 _aIndian tax rules
260 _aMadras
_bEfficiency Aids (Pvt.) Ltd. India
_c1967
300 _a411p
_ccm.
942 _hX72:Z2qN67, K7
_cTEXL
_2CC
999 _c1151262
_d1151262